<?xml version="1.0" encoding="UTF-8"?>
<marc:record xmlns:marc="http://www.loc.gov/MARC21/slim">
   <marc:leader>00000nam a2200000 a 4500</marc:leader>
   <marc:datafield ind1="1" ind2=" " tag="100">
      <marc:subfield code="a">Franziskus, Papst</marc:subfield>
      <marc:subfield code="4">aut</marc:subfield>
      <marc:subfield code="e">Verfasser/-in</marc:subfield>
   </marc:datafield>
   <marc:datafield ind1="0" ind2="0" tag="245">
      <marc:subfield code="a">Hoffe</marc:subfield>
   </marc:datafield>
   <marc:datafield ind1="0" ind2="0" tag="245">
      <marc:subfield code="b">Die Autobiografie</marc:subfield>
   </marc:datafield>
   <marc:datafield ind1="0" ind2="0" tag="245">
      <marc:subfield code="c">Franziskus, Papst</marc:subfield>
   </marc:datafield>
   <marc:datafield ind1=" " ind2="1" tag="264">
      <marc:subfield code="a">München</marc:subfield>
      <marc:subfield code="b">Kösel</marc:subfield>
      <marc:subfield code="c">2025</marc:subfield>
   </marc:datafield>
   <marc:datafield ind1="1" ind2=" " tag="520">
      <marc:subfield code="a">Die Autobiografie von Papst Franziskus ist zugleich sein Vermächtnis!&#xD;
IN MEMORIAM Jorge Mario Bergoglio war kein gewöhnlicher Papst: Er war der erste Jesuit auf dem Stuhl Petri, der erste Lateinamerikaner, der erste Franziskus, der Erste, der umfassende Reformen im Vatikan verfolgte. Seine Autobiografie, seine Erlebnisse spiegeln in unvergleichlicher Weise sein Vermächtnis wider, das er uns allen, dir und mir, und trotz aller Widrigkeiten zuruft: Hoffe! Das Buch erzählt chronologisch und in Franziskus´ persönlichem Stil seine gesamte Lebensgeschichte, die Anfang des 20. Jahrhunderts mit seinen italienischen Wurzeln beginnt. Es erzählt von der abenteuerlichen Geschichte der Auswanderung seiner Vorfahren nach Lateinamerika, seiner Kindheit dort und den Turbulenzen seiner Jugendjahre. Es berichtet von seiner Berufung und seiner Reifezeit ebenso wie von seinem Pontifikat und der Gegenwart.</marc:subfield>
   </marc:datafield>
   <marc:datafield ind1=" " ind2=" " tag="020">
      <marc:subfield code="a">9783466373536</marc:subfield>
      <marc:subfield code="9">9783466373536</marc:subfield>
   </marc:datafield>
   <marc:datafield ind1=" " ind2=" " tag="020">
      <marc:subfield code="a">3466373530</marc:subfield>
      <marc:subfield code="9">3466373530</marc:subfield>
   </marc:datafield>
   <marc:datafield ind1=" " ind2=" " tag="041">
      <marc:subfield code="a">ger</marc:subfield>
   </marc:datafield>
   <marc:datafield ind1=" " ind2=" " tag="300">
      <marc:subfield code="a">384 Seiten</marc:subfield>
   </marc:datafield>
</marc:record>
